000 00487nam a2200181Ia 4500
003 OSt
005 20260128100833.0
008 210210b1924 xxu||||| |||| 00| 0 eng d
040 _cAL
041 _aKannada
082 _a854/28
100 _aATMARAMA SHASTRI
_9162396
_dಆತ್ಮರಾಮ ಶಾಸ್ತ್ರಿ
245 _aNataka kale:
_bನಾಟಕ ಕಲೆ
260 _aMangaluru
_b-
_c1924
690 _aKannada Criticism
_9162397
906 _a019879
942 _2ddc
_cBK
999 _c144029
_d144029